Statystyki dla Państwo Europy na literę...

Kliknij tutaj aby rozwiązać quiz!

Ogólne statystyki

  • Ten quiz został rozwiązany 842 razy
    (752 od ostatniego zresetowania)
  • Średni wynik to 18 z 19

Statystyki odpowiedzi

LiteraPaństwo% Poprawnych
AAlbania | Andora | Austria
99%
BBelgia | Białoruś | Bułgaria | Bośnia i Hercegowina
99%
CCzarnogóra | Czechy | Chorwacja
98%
FFinlandia | Francja
98%
DDania
97%
EEstonia
96%
LLiechtenstein | Litwa | Luksemburg
96%
ŁŁotwa
96%
PPolska | Portugalia
96%
HHiszpania | Holandia
95%
RRosja | Rumunia
95%
SSerbia | San Marino | Słowacja | Słowenia | Szwajcaria | Szwecja
95%
WWęgry | Wielka Brytania | Włochy | Watykan
95%
MMacedonia Północna | Mołdawia | Monako | Malta
94%
GGrecja
92%
NNorwegia | Niemcy
92%
IIrlandia | Islandia
89%
UUkraina
79%
KKosowo
74%

Rozkład punktacji

Percentyl według liczby udzielonych odpowiedzi

Procent ludzi z każdym wynikiem

Twoja historia wyników

Nie rozwiązałeś tego quizu od ostatniego zresetowania